The new testament a student's introduction
Guardat en:
| Autor principal: | |
|---|---|
| Format: | Llibre |
| Idioma: | anglès |
| Publicat: |
McGraw -Hill Education
2020
|
| Etiquetes: |
Afegir etiqueta
Sense etiquetes, Sigues el primer a etiquetar aquest registre!
|
MARC
| LEADER | 00000nam a22000007a 4500 | ||
|---|---|---|---|
| 008 | 231211b |||||||| |||| 00| 0 eng d | ||
| 020 | |a 9781260566321 | ||
| 100 | |a HARRIS, Stephen L. | ||
| 245 | |a The new testament |b a student's introduction |c /Stephen L.Harris |g xix, 492p:ill | ||
| 250 | |b 9th | ||
| 260 | |b McGraw -Hill Education |c 2020 |h New York |i 701048 |i 701049 |i 701050 |i 701051 |l BE2330.2.H25 |m Bible, New Testament- Introductions |m Bible, New Testament- Testbooks | ||
| 500 | |a it includes references and index | ||
| 942 | |a lcc |c BK |e Johnson |f 11/12/23 | ||
| 952 | |0 0 |1 0 |2 lcc |4 0 |6 BE23302 H25 |7 0 |9 4670 |a ART |b HOL |c AF |d 2023-12-11 |l 0 |o BE2330.2.H25 |p 2023-0585 |r 2023-12-11 00:00:00 |t 701048 |w 2023-12-11 |y BK | ||
| 952 | |0 0 |1 0 |2 lcc |4 0 |6 BE23302 H25 |7 0 |9 4671 |a ART |b HOL |c AF |d 2023-12-11 |l 0 |o BE2330.2.H25 |p 2023-0586 |r 2023-12-11 00:00:00 |t 701049 |w 2023-12-11 |y BK | ||
| 952 | |0 0 |1 0 |2 lcc |4 0 |6 BE23302 H25 |7 0 |9 4672 |a HOL |b HOL |c AF |d 2023-12-11 |l 0 |o BE2330.2.H25 |p 2023-0587 |r 2023-12-11 00:00:00 |t 701050 |w 2023-12-11 |y BK | ||
| 952 | |0 0 |1 0 |2 lcc |4 0 |6 BE23302 H25 |7 0 |9 4673 |a HOL |b HOL |c AF |d 2023-12-11 |l 0 |o BE2330.2.H25 |p 2023-0588 |r 2023-12-11 00:00:00 |t 701051 |w 2023-12-11 |y BK | ||
| 999 | |c 2342 |d 2342 | ||